Dinámica microsocial del suicidio en adolescentes: un estudio de redes sociales /
El presente texto plantea el estudio de una serie de elementos que median entre el fenómeno del suicidio y la etapa de la adolescencia, que son planteados por el autor como variables microsociales del suicidio. Los factores de orden estructural, funcional, y biográfico que se presentan en el medio e...
Enregistré dans:
| Auteur principal: | |
|---|---|
| Format: | Thèse |
| Sujets: | |
| Tags: |
Ajouter un tag
Pas de tags, Soyez le premier à ajouter un tag!
|
MARC
| LEADER | 00000 a a2200000 04500 | ||
|---|---|---|---|
| 001 | 31929 | ||
| 003 | |||
| 040 | |||
| 090 | |a 20047.00 | ||
| 100 | |a Guevara Villalobos, Orlando | ||
| 245 | |a Dinámica microsocial del suicidio en adolescentes: |b un estudio de redes sociales / |c Orlando Guevara Villalobos | ||
| 300 | |a 217 páginas | ||
| 500 | |a Incluye referencias bibliográficas | ||
| 502 | |a Tesis (Licenciatura en Sociología) -- Universidad de Costa Rica. Facultad de Ciencias Sociales. Escuela de Antropología y Sociología, 2004 | ||
| 520 | |a El presente texto plantea el estudio de una serie de elementos que median entre el fenómeno del suicidio y la etapa de la adolescencia, que son planteados por el autor como variables microsociales del suicidio. Los factores de orden estructural, funcional, y biográfico que se presentan en el medio en que los adolescentes se desenvuelven, o mejor dicho, de las redes sociales de las cuales ellos parten para orientar sus acciones en diversas direcciones, el conflicto que surge en su actuar en la red, la ausencia de grupos de apoyo o la exacerbación nómica por los mismos son temas a tratar en el presente trabajo | ||
| 650 | |a SUICIDIO | ||
| 650 | |a ADOLESCENTES | ||
| 650 | |a MEDIO SOCIAL | ||
| 650 | |a REDES SOCIALES | ||
| 650 | |a SOCIOLOGIA | ||
| 650 | |a PSICOLOGIA | ||
| 650 | |a RESULTADOS DE INVESTIGACION | ||
| 999 | |c 18089 |d 18089 | ||
